00446cam a22001337a 4500008004000000020001800040100001700058245007800075260003800153300001000191700001800201999001900219952007400238180718b2001 xxu||||| |||| 00| 0 eng d a81 85809 61 5 aNagori, S.L. aAdunik bharatiya itihas ke pramukh tatvacby S.L. Nagori and Kanta Nagori aJaipurbSablime Publicationc2001 a253p. aNagori, Kanta c440323d440323 00104070aIIPAbIIPAd2010-05-11p76964r2018-07-21w2018-07-21yBK